Inside The Fashon Business Text Reading (Record no. 3140)
[ view plain ]
| 000 -LEADER | |
|---|---|
| fixed length control field | 00340nam a22001337a 4500 |
| 008 - FIXED-LENGTH DATA ELEMENTS--GENERAL INFORMATION | |
| fixed length control field | 250424b |||||||| |||| 00| 0 eng d |
| 020 ## - INTERNATIONAL STANDARD BOOK NUMBER | |
| ISBN | 0023600004 |
| 100 ## - MAIN ENTRY--AUTHOR | |
| Author | JEANNETTE, A. Jamow |
| 245 ## - TITLE STATEMENT | |
| Title | Inside The Fashon Business Text Reading |
| 260 ## - PUBLICATION, DISTRIBUTION, ETC. (IMPRINT) | |
| Place of publication | U.S.A |
| Name of publisher | Macmillan |
| Date of publication | 1987 |
| 300 ## - COLLATION | |
| Pagination | xvii, 825p. |
| 942 ## - ADDED ENTRY ELEMENTS (KOHA) | |
| Item type | Books |
| 050 ## - LIBRARY OF CONGRESS CALL NUMBER | |
| Classification number | HD9940 |
| Item number | .J37 |
| Source of classification or shelving scheme | Not for loan | Permanent location | Current location | Date acquired | Accession No. | Full call number | Barcode. | Koha item type |
|---|---|---|---|---|---|---|---|---|
| Library of Congress Classification | Samuel Ogbemudia Main Library, University of Abuja | Samuel Ogbemudia Main Library, University of Abuja | 04/24/2025 | 92-008696 | HD9940.J37 | 2025-1561 | Books |